[Event "Interzonal-15"]
[Site "Manila"]
[Date "1990.??.??"]
[Round "1"]
[White "Tal, Mihail"]
[Black "Lin, Ta"]
[Result "1-0"]
[WhiteElo "2580"]
[BlackElo "2435"]
[Annotator "Ribli,Z"]
[PlyCount "123"]
[EventDate "1990.06.29"]
[EventType "swiss"]
[EventRounds "13"]
[EventCountry "PHI"]
[SourceTitle "CBM 019"]
[Source "ChessBase"]
[SourceDate "1990.12.01"]
[SourceVersion "1"]
[SourceVersionDate "1990.12.01"]
[SourceQuality "1"]

1. c4 c5 2. Nc3 Nf6 3. Nf3 d5 4. cxd5 Nxd5 5. d4 $5 Nxc3 6. bxc3 g6 7. e3 Bg7
8. Bd3 O-O (8... Nd7 9. O-O e5 10. Ba3 Qa5 11. Qb3 O-O 12. Bb5 b6 13. Rac1 $14
{Lerner,K-Lputian,S URS FL56 Simferopol 1988 CBM 11}) 9. O-O Qc7 10. Qe2 b6 (
10... Rd8 11. Rb1 b6 12. Rd1 Bb7 13. e4 cxd4 14. cxd4 Nc6 15. d5 $14 {
Ribli-Tal Reykjavik 1988 46/55 CBM 10}) 11. Rd1 Bb7 12. e4 $1 $14 Nc6 13. Be3
Rad8 14. Rac1 Na5 15. d5 Bc8 16. Bg5 f6 17. Bd2 e5 18. Rb1 Bd7 19. Ba6 Nb7 20.
Bxb7 $1 Qxb7 21. Be3 Ba4 22. Re1 Qe7 23. Nd2 f5 24. f3 f4 25. Bf2 g5 26. g4 $1
fxg3 27. hxg3 Rf7 28. Be3 h6 29. Kg2 Rdf8 30. Rh1 Qd6 31. Rbf1 Qg6 32. g4 $1
Bd7 33. Rf2 Rf6 34. Kg1 R6f7 35. Nf1 $1 Qd6 36. Ng3 Re8 37. Nf5 Bxf5 38. gxf5
Rf6 39. Qb5 Re7 40. a4 Bf8 41. Rg2 Rg7 42. Kf2 Qe7 43. Ke2 $1 Qd8 44. Kd3 Qc8
45. Qc4 Qd7 46. Rgh2 Qd6 47. Qb5 Rd7 48. a5 Bg7 49. axb6 axb6 50. Ra1 Rd8 51.
Rha2 $16 Rxf5 52. exf5 Qxd5+ 53. Ke2 g4 54. fxg4 Qg2+ 55. Ke1 Qg3+ 56. Bf2
Qxc3+ 57. Ke2 e4 58. Be3 Bd4 59. Bxd4 cxd4 60. Ra3 d3+ 61. Kf1 Qc7 62. Qb3+ {
Ribli} 1-0

[Event "RUS-ch U18"]
[Site "Moscow"]
[Date "1995.??.??"]
[Round "11"]
[White "Malakhov, Vladimir"]
[Black "Filippov, Valerij"]
[Result "0-1"]
[WhiteElo "2395"]
[BlackElo "2455"]
[Annotator "Ribli,Z"]
[PlyCount "90"]
[EventDate "1995.??.??"]
[EventType "tourn"]
[EventRounds "11"]
[EventCountry "RUS"]
[EventCategory "8"]
[SourceTitle "CBM 046"]
[Source "ChessBase"]
[SourceDate "1995.06.01"]
[SourceVersion "1"]
[SourceVersionDate "1995.06.01"]
[SourceQuality "1"]

1. e4 c5 2. Nf3 e6 3. c4 Nc6 4. Nc3 Nf6 5. Be2 d5 6. exd5 (6. cxd5 $5 {Dieser
Zug kommt auch in Frage.} exd5 7. e5 Nd7 8. Bb5 $13 {Wir koennen diese
Stellung mit einer ganz anderen Zugfolge erreichen. 1.c4 c5 2.Nf3 Nc6 3.Nc3 e5
4.e3 e5 5.d4 cd4 6.ed4 e4 7.Nd2 Bb4 -> A35}) 6... exd5 7. d4 Be6 8. Bg5 $146 {
Das ist offenbar eine Neuerung.} (8. Be3 $5 cxd4 9. Nxd4 Nxd4 10. Bxd4 dxc4 11.
O-O Be7 12. Qa4+ Kf8 $44 {Wegen der unsicheren schwarzen Koenigstellung hat
Weiss genueg Gegenspiel fuer den geopferten Bauern. Adorjan,A-Horvath,Jo/
HUN-ch/1995/CBM46/}) 8... cxd4 9. Bxf6 (9. Nxd4 Nxd4 10. Qxd4 dxc4 $15 {
Weiss hatte gar nichts fuer den Bauern.}) 9... gxf6 $5 {Schwarz will den
Bauern behalten.} (9... Qxf6 10. Nxd5 $13) 10. Nxd4 Nxd4 11. Qxd4 dxc4 12. Qe4
Qc7 13. O-O (13. Nd5 $2 Qa5+ $17) 13... O-O-O {Der schwarze Koenig
verschwindet aus der Gefahrzone und dann bleibt fuer den Nahziehenden einen
Mehrbauern und das Laeuferpaar. Schwarz hat klaren Vorteil.} 14. Rac1 {Droht (/
\) 15.Nb5} f5 $1 15. Qf3 Kb8 16. b3 (16. Nb5 Qe5 $17) 16... Bh6 $1 {Gewinnt
noch ein Tempo.} 17. Ra1 cxb3 18. axb3 Qf4 19. Qh3 {Nach dem Damentausch waere
das Endspiel fruchtbar fuer Weiss.} Bg7 20. Rad1 Rxd1 (20... Qe5 $5 $19) 21.
Nxd1 Qe5 22. Bc4 f4 23. Qf3 Rd8 24. Bxe6 fxe6 {Weiss ist fast im Zugzwang. Der
Rest der Partie bedarf keines Kommentars.} 25. g3 Rf8 26. Qd3 h5 27. Qd2 Qd4 $1
28. Qe2 h4 $1 29. Qxe6 hxg3 30. hxg3 fxg3 31. Ne3 Be5 32. Nf5 gxf2+ 33. Rxf2
Qd1+ 34. Kg2 Qg4+ 35. Kf1 Qh3+ 36. Ke2 Qg4+ 37. Kf1 Bc7 38. Qd5 Qh3+ 39. Ke1
Re8+ 40. Re2 Rd8 41. Qe4 Qxb3 42. Ne3 a5 43. Rc2 Bb6 44. Nd1 Qg3+ 45. Ke2 Qh2+
{Ribli} 0-1

[Event "EU-Cup 16th"]
[Site "Neum"]
[Date "2000.09.25"]
[Round "2.3"]
[White "Marin, Mihail"]
[Black "Movsesian, Sergei"]
[Result "0-1"]
[WhiteElo "2557"]
[BlackElo "2666"]
[Annotator "Ribli,Z"]
[PlyCount "66"]
[EventDate "2000.09.24"]
[EventType "team-swiss"]
[EventRounds "7"]
[EventCountry "BIH"]
[SourceTitle "CBM 080"]
[Source "ChessBase"]
[SourceDate "2001.01.25"]
[SourceVersion "1"]
[SourceVersionDate "2001.01.25"]
[SourceQuality "1"]
[WhiteTeam "Bucharest RAT"]
[BlackTeam "Sarajevo Bosna"]
[WhiteTeamCountry "ROU"]
[BlackTeamCountry "BIH"]

1. c4 c5 2. Nf3 Nc6 3. e3 {Die Züge 3.d4 und 3.Nc3 sind aktiver.} e5 {Dieser
Zug fuehrt zu assymmetrischem Spiel.} 4. Nc3 Nf6 (4... f5 5. d4 e4 6. d5 exf3
7. dxc6 fxg2 8. cxd7+ Qxd7 9. Bxg2 Qxd1+ 10. Kxd1 Nf6 11. b3 f4 12. Nd5 {
1-0 Marin,M-Ardeleanu,A/ ROM-ch Lasi 1999 (98)}) 5. d4 cxd4 6. exd4 e4 7. Ne5 (
7. Ng5) 7... Bb4 8. Be2 Qa5 (8... Qe7 9. Bf4 Bd6 10. Nb5 Bb8 11. c5 Nxe5 12.
dxe5 Bxe5 13. Nd6+ Kf8 14. Bxe5 Qxe5 15. Qb3 Qd5 16. Qxd5 Nxd5 17. Bc4 {
1-0 Sherbakov,R-Maksimenko,A/ Niksic 1996 (32)}) 9. Nxc6 dxc6 10. Bd2 (10. O-O
Bxc3 $5 (10... O-O 11. Qb3 Re8 12. Re1 h6 13. Bd2 Bxc3 14. Qxc3 Qxc3 15. Bxc3
Bf5 16. Bf1 Rad8 17. h3 {1-0 Eriksson,A-Ernst,T/ Malmoe 1992 (55)}) 11. bxc3
Qxc3 12. Rb1 O-O 13. Rb3 Qa5 14. Rg3 $44 {Bertholee,R-Polgar,J/ Amsterdam II
1990 (14)}) 10... O-O 11. O-O Re8 (11... Rd8 12. a3 Bxc3 13. Bxc3 Qg5 14. Qc1
Qg6 15. Qf4 Bh3 16. Qg3 Bg4 17. Rfe1 Bxe2 18. Rxe2 Qxg3 19. hxg3 b5 20. b3 bxc4
21. bxc4 Rab8 {1/2-1/2 Franco Ocampo,Z-Herrera,I/ Cienfuegos 1997 (30)}) 12. a3
{Weiß verschafft sich das Läuferpaar.} (12. Rc1 Qf5 (12... Qb6 13. Bg5 Be7 14.
Qd2 Bf5 15. Rcd1 Rad8 16. Rfe1 Bg6 17. Be3 Qc7 18. a3 Bd6 19. h3 h6 20. b4 {
1/2-1/2 Maki,V-Ernst,T/ FIN 1993 (34)}) 13. Be3 Qg6 {1/2-1/2 Sherbakov,
R-Khasin,A/ Krasnoiarsk 1998 (13)}) (12. Re1 Qf5 13. Nxe4 Nxe4 14. Bxb4 Qxf2+)
12... Bxc3 13. Bxc3 Qg5 14. Qc1 Qg6 {Natürlich behält Schwarz seine aktive
Dame auf dem Brett.} (14... h6 15. Re1 $14) (14... Qxc1 15. Raxc1 $14) 15. Qf4
(15. Qe3 Bg4 16. Rfe1 b5 17. b3 Rab8 18. Bb4 bxc4 19. bxc4 Qf5 20. Bf1 Qd7 21.
h3 Bh5 22. Rab1 h6 23. Bc3 Rxb1 24. Rxb1 Bg6 {0-1 Pachman,L-Ksieski,Z/Germany
1995/GER-chT2 (49)}) (15. Re1) 15... h5 $5 $13 {Schwarz bereitet 16...Bg4 vor.
Er muss am Königsflügel aktiv spielen,sonst kommt das weiße Läuferpaar -
früher oder später - zum Tragen.} 16. Rfe1 Bg4 17. Bf1 $6 {[%mdl 16384] Zeit
ist Geld - Weiß vermeidet den Tausch des Läufers, verliert dabei aber ein
wichtiges Tempo.} (17. d5 $13) 17... h4 $15 18. h3 {Weiß möchte die Stellung
am Königsflügel klären.} (18. d5 Nh5 19. Qc7 cxd5 20. cxd5 Rac8 21. Qxb7 Nf4
$36 22. Qa6 (22. Qxa7 $2 Nxg2 $1) 22... f6 $44) (18. Re3) 18... Bxh3 19. Qxh4
Bg4 20. Re3 (20. Qh2) (20. Qg3) 20... Nh5 {[%cal Gf7f5] Schwarz bereitet 21...
f5 vor. Ich weise darauf hin, dass die weiße Dame auf der h-Linie passiv steht.
} (20... Bf3 21. Kh1) 21. Rae1 f5 22. d5 {[%cal Gc3g7] Es ist verständlich,
dass Weiß die Stellung für sein Läuferpaar öffnen möchte. Er hat starke
Kontrolle über die schwarzen Felder .} c5 $1 {Schwarz möchte die Stellung
geschlossen halten. Er muss nicht mit f5-f4 eilen.} (22... f4 23. Rxe4 Rxe4 24.
Rxe4 Qxe4 25. Qxg4 $16 {Weiß hat eine sehr aktive Stellung und gute
Figurenkoordination.}) 23. g3 $6 (23. Be2 Bxe2 24. R3xe2 f4 $36) 23... Kf7 {
[%cal Ge8h8,Gh8h4]} 24. Bg2 Rh8 $17 25. Bxe4 {In einer sehr schwierigen
Stellung versucht Weiß, im Trüben zu fischen. Er opfert die Figur für etwas
Aktivität.} Nf6 {Diieser einfache Zug ist stark, aber auch die Annahme des
Opfers wäre gut.} (25... fxe4 26. Rxe4 Nf6 27. Bxf6 (27. Rxg4 Nxg4 $19 (27...
Qxg4 28. Re7+ $1 Kg8 29. Qxg4 Nxg4 30. Rxg7+ Kf8 31. Rxg4 $18)) 27... Rxh4 28.
Bxh4 Rh8 $19) 26. Bxf5 Bxf5 {[%mdl 1024]} (26... Qxf5 $2 27. Re7+ Kg6 28. Rxg7+
Kxg7 29. Bxf6+ Qxf6 30. Re7+ $16) 27. Re7+ Kg8 28. Bxf6 gxf6 (28... Rxh4 $19)
29. Qf4 {Weiß hat nicht ausreichend Kompensation, noch dazu da seine
Königsstellung geschwächt ist.} Qh5 $19 {[%cal Rh8h1,Rh1g1]} 30. Kg2 Bh3+ 31.
Kg1 Bg4 32. Qe4 Kf8 $1 {Jetzt droht 33...Bf3, und in einigen Varianten hängt
zudem der Re7.} (32... Bf3 $4 33. Qe6+) 33. Re3 Bf3 (33... Bf3 34. Qxf3 (34.
Rxf3 Qh1#) 34... Qxf3 35. Rxf3 Kxe7 $19) 0-1

[Event "EU-Cup 16th"]
[Site "Neum"]
[Date "2000.09.27"]
[Round "4.6"]
[White "Rogulj, Branko"]
[Black "Antal, Gergely"]
[Result "0-1"]
[WhiteElo "2460"]
[BlackElo "2405"]
[Annotator "Ribli,Z"]
[PlyCount "82"]
[EventDate "2000.09.24"]
[EventType "team-swiss"]
[EventRounds "7"]
[EventCountry "BIH"]
[SourceTitle "CBM 080"]
[Source "ChessBase"]
[SourceDate "2001.01.25"]
[SourceVersion "1"]
[SourceVersionDate "2001.01.25"]
[SourceQuality "1"]
[WhiteTeam "Zagreb Zrinjevac"]
[BlackTeam "Miskolci"]
[WhiteTeamCountry "CRO"]
[BlackTeamCountry "HUN"]

1. e4 c5 2. Nf3 e6 3. c4 {Mit diesem in letzter Zeit relativ populären Zug
umgeht Weiß die theoretischen Hauptvarianten. In der Folge gelangen wir in
eine Hybridvariante der Sizilianischen Verteidigung und der Englischen
Eröffnung.} Nc6 4. Nc3 Nf6 5. a3 (5. Be2 $5 {Der Läuferzug scheint besser. Auf
diese Weise kann Weiss die Entwicklung schnell beenden.}) 5... d5 (5... Qc7 6.
d4 cxd4 7. Nxd4 Nxd4 8. Qxd4 Bc5 9. Qd3 O-O 10. Be2 a6 11. b4 Be7 12. Be3 b6
13. O-O Bb7 14. f3 d6 15. g4 Rac8 16. Rac1 Rfe8 17. g5 Nd7 18. f4 Bf8 19. h4 {
1-0 Makovetsky,B-Shomoev,A/ Novgorod 1999 (39)}) (5... b6 6. Be2 Bb7 7. O-O Qb8
8. Rb1 Be7 9. Re1 Ng4 10. Bf1 Nd4 11. g3 h5 12. Bg2 Nxf3+ 13. Qxf3 Ne5 14. Qe2
Qd6 $6 15. Nb5 Qb8 16. d4 cxd4 17. Nxd4 h4 18. b4 hxg3 19. hxg3 Ba6 {1/2-1/2
Rogulj,B-Sax,G/ Feldbach 1997 (19)}) 6. cxd5 (6. exd5 exd5 7. d4 cxd4 8. Nxd4
Bc5 9. Nb3 Qe7+ 10. Qe2 Bb6 11. cxd5 Ne5 12. Be3 Bg4 13. f3 Bxe3 14. Qxe3 Nxf3+
15. Kf2 Qxe3+ 16. Kxe3 Ne5 17. Kd4 Nfd7 {1/2-1/2 Koskela,N-Larsen,P/
Copenhagen 1998 (68)}) (6. e5 Ne4 $11) 6... exd5 7. e5 Ng4 $6 {Dieser Zug ist
konsequent, aber nicht die beste Wahl für Schwarz.} (7... Nd7 8. Bb5 a6 9. Bxc6
bxc6 10. O-O Be7 11. d4 O-O 12. dxc5 Nxc5 13. Nd4 Bd7 14. b4 Ne4 15. Nxe4 dxe4
16. Qc2 a5 17. Rb1 axb4 18. axb4 Qb6 19. Qxe4 Ra4 {0-1 Ornstein,A-Engqvist,T/
SWE-ch 1989 (30)}) (7... Ne4 $1 $11) 8. Bb5 d4 9. Ne4 $6 (9. Bxc6+ $1 {Diese
ganze Variante ist bekannt mit der Zugfolge 5.Be2 (statt 5.a3). Der einzige
Unterschied ist, dass Weiß mit a2-a3 ein Tempo mehr hatte.} bxc6 10. Na4 {
[%csl Rc5,Rg4]} Ba6 11. d3 c4 12. O-O cxd3 13. e6 $1 (13. Ng5) (13. Re1) (13.
h3) 13... Be7 (13... fxe6 14. Ng5 Nf6 15. Nxe6 $16) (13... f5 14. Bg5 $1 $16)
14. h3 Nf6 15. Ng5 (15. exf7+ Kxf7 16. Ne5+ Kf8 17. Nxd3 Bxd3 $5 18. Qxd3 Qd5
$14) 15... Qd5 16. exf7+ Kd7 17. Re1 $16) 9... Qd5 $5 {Dieser Zug führt zu
zweischneidigem Spiel - der Pe5 ist schwach, aber die schwarze Dame steht
exponiert im Zentrum.} (9... Qb6 10. a4 $5 (10. Qe2) (10. Bxc6+ Qxc6 11. d3 f5
12. Ned2 $13) 10... Bd7 $13) 10. d3 (10. Qe2) 10... Ngxe5 (10... Be6) (10...
Bd7 $4 11. Bc4 $18) 11. Nxe5 (11. O-O $6 Bg4 $17 (11... Be7) (11... Nxf3+ 12.
Qxf3 Be6)) 11... Qxe5 12. O-O Be7 $15 {[%mdl 1024] Schwarz hat einen Bauern
mehr, aber seine Dame im Zentrum ist leicht angreifbar, und Weiß bekommt etwas
Initiative.} 13. Qf3 (13. Re1 O-O $15 (13... Qc7 $2 14. Nxc5 O-O $11)) 13...
O-O (13... Be6) 14. Bf4 Qe6 (14... Qf5 $15) 15. Rfc1 (15. Rac1 $5) 15... Ne5 $1
(15... b6 $2 {[%csl Rc6]} 16. Nxc5 $18) 16. Qg3 Ng6 {[%mdl 256] Schwarz
verteidigt sich gut - der Ng6 kontrolliert die wichtigsten Punkte am
Königsflügel.} 17. Bd6 (17. Nxc5 $2 Qb6 $19 {[%csl Rb5,Rc5]}) 17... Bxd6 (17...
a6 $5 $15) 18. Nxd6 b6 (18... a6 $5 $15) 19. b4 $1 {Weiß möchte die Linien am
Damenflügel öffnen.} cxb4 20. Bc4 (20. axb4 $5 $44) (20. Re1 Qg4 21. axb4 Qxg3
22. hxg3 $15) (20. Bc6 Rb8 21. Re1 Qf6 22. axb4 $15) (20. Rc7 $6 Ne5 $17) 20...
Qf6 {Weiß hat etwas Initiative und aktives Figurenspiel, aber keine konkreten
Drohungen.} 21. Ne4 Qe5 22. axb4 Bf5 $1 (22... Qxg3 23. hxg3 Rd8 $15) 23. Re1
a5 24. Ng5 (24. Nd6 $1 Qxg3 25. hxg3 Be6 26. bxa5 bxa5 27. Bxe6 fxe6 28. Rxe6
Ra6 $15) 24... Qf6 (24... Qxg3 25. hxg3 a4 $17) 25. b5 $6 (25. Bd5 Ra7 $15)
25... h6 $17 26. Nf3 (26. Ne4 Bxe4 27. Rxe4 Rfe8 $17) 26... Rfe8 27. Qc7 $138
Rec8 28. Qg3 Rc5 {[%csl Gc5] Der R c5 steht sehr stark und sicher. Weiß hat
kein Gegenspiel und der gedeckte schwarze Freibauer auf a5 muss früher oder
später zum Tragen kommen.} 29. Ra4 {Weiß droht 30.Nxd4 Qxd4 31.Bxf7+ .} Rac8 $5
(29... Kh7 $5 $17) 30. h3 (30. Nxd4 Rxc4 31. Rxc4 Rxc4 32. Nxf5 Rb4 $17) 30...
Kh7 31. Kh2 Bd7 {[%csl Rb5][%cal Rd7b5]} 32. Rb1 Nf4 {[%csl Yc3][%cal Gf4e2,
Ge2c3] Das Auftauchen des Springers auf f4 ist mehr als gefährlich für Weiß.
Es droht Ne2-c3 mit deutlichem Positionsvorteil.} 33. Nd2 $6 (33. Rb2 $5 $17)
33... Ne2 {[%cal Re2g3,Re2c3,Rc3b1,Rc3a4]} 34. Ne4 Qf5 (34... Nxg3 $6 35. Nxf6+
gxf6 36. Kxg3 $15) 35. Qh4 (35. Qd6 Qe5+ 36. Qxe5 Rxe5 $17) 35... Re5 (35...
R5c7 $17) 36. f3 (36. Nd6 g5 37. Nxf5 gxh4 38. Nd6 Nc3 39. Nxc8 Bxc8 $17) 36...
Nc3 {[%csl Gc3]} 37. Nd6 (37. Nxc3 dxc3 $19) 37... Qg6 38. Qxd4 (38. Nxc8 Nxb1
$19) 38... Re2 $19 {Droht Matt auf g2. Schwarz gewinnt mindestens eine Figur.}
39. Rg1 Nxa4 40. Bxf7 Qf6 41. Bd5 Qxd4 0-1

[Event "Sinquefield Cup 3rd"]
[Site "Saint Louis"]
[Date "2015.08.23"]
[Round "1"]
[White "So, Wesley"]
[Black "Vachier Lagrave, Maxime"]
[Result "0-1"]
[WhiteElo "2779"]
[BlackElo "2731"]
[Annotator "Roiz,M"]
[PlyCount "70"]
[EventDate "2015.08.23"]
[EventType "tourn"]
[EventRounds "9"]
[EventCountry "USA"]
[EventCategory "22"]
[SourceTitle "CBM 168"]
[Source "ChessBase"]
[SourceDate "2015.09.14"]
[SourceVersion "1"]
[SourceVersionDate "2015.09.14"]
[SourceQuality "1"]

1. Nf3 Nf6 2. c4 g6 3. Nc3 d5 4. cxd5 Nxd5 5. g3 {One of many possible ways to
handle the Anti-Gruenfeld with White's pieces.} Bg7 6. Bg2 c5 {Fighting for
the centre is definitely a principled response.} ({Maxime had every reason to
deviate from his earlier experience in this line:} 6... O-O 7. h4 e5 8. Nxd5
Qxd5 9. d3 Nc6 10. h5 Bg4 11. hxg6 hxg6 12. Rh4 Qd7 13. Qa4 Be6 14. Rh2 Ne7 15.
Qxd7 Bxd7 16. Bh6 Bxh6 $2 17. Nxe5 $16 {1-0 Jakovenko,D (2738)-Vachier Lagrave,
M (2754)/Khanty-Mansiysk RUS 2015}) 7. Qa4+ {As the following game proves,
this line hardly promises White any advantage.} ({Another well-known
continuation here is} 7. O-O Nc6 8. Nxd5 Qxd5 9. d3 O-O 10. Be3) ({and} 7. Qb3)
7... Nc6 8. Ng5 {A typical route for the knight, which is often seen in such a
positions.} ({Another logical continuation} 8. Qc4 Ndb4 9. O-O {can be
strongly met by:} Qa5 $1 ({Too passive is:} 9... Na6 $6 10. d3 O-O 11. Qh4 $14
{1-0 Shulman,Y (2560)-Molner,M (2522)/Wheeling 2014}) 10. a3 Be6 11. axb4 Qxa1
12. Qxc5 Rc8 13. Qe3 O-O $15 {0-1 Pantsulaia,L (2590)-Mchedlishvili,M (2603)/
Ureki 2014}) ({Quite toothless is} 8. O-O O-O 9. Qc4 Nxc3 10. dxc3 Qb6 11. Qh4
Rd8 $11 {1/2 Vitiugov,N (2709)-Gao,R (2417)/Beijing 2012}) 8... e6 ({Correctly
deviating from} 8... Nxc3 $6 9. dxc3 O-O 10. Ne4 $14 {where White puts a
strong pressure on the Pc5.}) 9. Nge4 {Now it looks like Black has some
problems with protecting the Pc5, but the statement of White's queen on a4
offers an additional resourse.} Nb6 {That's the point. The Nb6 would support
the c5-c4 advancement, so Black gets an active piece play.} 10. Qb5 ({After} 
10. Qa3 O-O {the greedy} 11. Qxc5 $2 {is refuted by:} Nd4 12. O-O f5 13. Nd6
Nc2 14. Rb1 Bd4 $19) 10... c4 ({Possible was also} 10... O-O 11. Nxc5 Nd4 12.
Qd3 Qe7 13. Nb3 e5 $44 {with an excellent compensation for a pawn.}) 11. Na4 $6
{Delaying the development is a dubious decision.} ({Safer looks} 11. b3 O-O 12.
bxc4 Nd4 ({It looks like} 12... f5 $5 13. Nc5 a6 14. Qb3 Nd4 15. Qd1 Nxc4 {
offers Black a decent counterplay at the very least.}) 13. Qb1 Nxc4 {looks
attractive for Black and forces White to play accurately in order to maintain
the ballance:} 14. O-O f5 15. Nc5 Qb6 16. Nb3 Bd7 (16... Nb5 $2 17. Nxb5 Qxb5
18. d3 Nb6 19. Bb2 $16 {1-0 Lputian,S (2625)-Krasenkow,M (2647)/Batumi 1999})
17. Nxd4 Qxd4 18. e3 Qd6 19. Qxb7 Rab8 20. Qxa7 Bc6 $44) 11... O-O ({Another
attractive continuation seems} 11... f5 $5 12. Nxb6 axb6 13. Nc3 Bd7 14. Qxc4
Nd4 15. Qd3 Bc6 16. Bxc6+ bxc6 $36 {in the arising position White's extra pawn
has no much value.}) 12. Nxb6 axb6 13. Qxc4 e5 14. Qc2 ({The following line
illustrates the significance of Black's lead in development:} 14. d3 Be6 15.
Bg5 Bxc4 $1 ({A clear improvement over} 15... Qb8 16. Qc1 Nd4 17. Nc3 $11 {
1-0 Petrosian,A (2430)-Piesina,G/Yaroslavl 1979}) 16. Bxd8 Rfxd8 17. dxc4 f5
18. Nc3 e4 $15) 14... Be6 $146 {A decent novelty, which however, doesn't
change the valuation of this position - Black has more than a sufficient
compensation here.} ({In the following preceding game Anatoly Karpov was able
to develop a powerful initiative either:} 14... Nd4 15. Qb1 f5 16. Nc3 e4 17.
d3 b5 18. Be3 b4 19. Nd1 Re8 $36 {0-1 Tatai,S (2480)-Karpov,A (2690)/Las
Palmas 1977}) 15. Nc3 {A sad necessity - the open c-file is a cause of
problems here.} ({An attempt to hide the queen fails to:} 15. Qb1 f5 16. Nc3 b5
$1 17. Nxb5 Bd5 18. f3 e4 $40) ({The natural-looking} 15. O-O {led to a loss
of material:} Nd4 16. Qd1 Bb3 17. axb3 Rxa1 $17) 15... b5 $1 {The positional
threat of b5-b4 advancement doesn't give White time for consolidating.} (15...
Nd4 16. Qb1 Qd7 17. O-O Rfc8) 16. Bxc6 {Wesley decides to release the pressure
along the c-file, but giving up the light-squared bishop makes White's king
very vulnerable.} ({Grabbing the second pawn led to a horrible position:} 16.
Nxb5 Bd5 17. e4 {(What else?)} Bxa2 18. O-O Qb6 19. Na3 Nd4 $17) ({Possibly,
the lesser evil would be} 16. b4 $5 Nd4 17. Qb1 Bf5 18. e4 Be6 19. O-O $15)
16... bxc6 17. b3 ({Hardly better would be} 17. Ne4 Bxa2 18. O-O Qd4 $17) 17...
Bf5 $1 {Maxime had some decent alternatives at his disposal, but he chooses
the most energetical way of handling the position.} 18. d3 ({After} 18. e4 Bh3
19. d3 Qd7 20. Be3 Bg2 21. Rg1 Bf3 $17 {White's position desperately lacks
harmony, while the king is stucked in the centre.}) 18... e4 $1 {Of course, it
makes sense to open-up the position and activate the dark-squared bishop. Now
there is no way to avoid the loss of material.} 19. dxe4 Bxe4 20. Nxe4 Bxa1 $17
{White's position is rather solid, so Black's technical task is not that easy.}
21. O-O Re8 22. f3 $2 {Unfortunately GM Wesley So fails to put-up resistance
in a difficult position.} (22. Be3 $142 Bg7 23. Nc5 $17) 22... Bd4+ $1 {
Provoking one more weakening move.} 23. e3 (23. Kg2 f5 24. Nf2 (24. Bg5 Qd5 25.
Nf6+ Bxf6 26. Bxf6 Qe6 $19) 24... Qe7 25. e4 Qc5 $1 26. Qb1 Qc3 $19) 23... Bg7
$6 {Returning the favoure.} ({The precise} 23... f5 $1 {would decide the game
very convincingly.} 24. exd4 fxe4 25. fxe4 Qxd4+ 26. Kg2 Qxe4+ 27. Qxe4 Rxe4
$19) 24. Rd1 {The presence of White's rook on the d-file only helps Black to
simplify the matters.} ({A waiting strategy had to be prefered:} 24. Kg2 Qe7
25. a3 f5 26. Nc5 $17) 24... Qc7 25. Rd6 $2 {A decisive mistake - the
vulnerablity of Rd6 allows Black to create the passer.} (25. b4 Red8 26. Rf1 f5
27. Nc5 Qf7 28. a3 $17) 25... c5 $1 26. Rd5 Re5 ({Possible was also} 26... Red8
27. Rxc5 Qd7 28. a4 bxa4 29. bxa4 Qxa4 30. Qxa4 Rxa4 {and the activity of
Black's rooks makes White's position hopeless.}) 27. Rd1 c4 28. a3 ({Or} 28.
Kg2 c3 29. b4 (29. Qxc3 Qxc3 30. Nxc3 Rc5 $19) 29... Ree8 30. Nc5 Red8 $19)
28... Re7 29. bxc4 Qxc4 ({Good enough was also} 29... bxc4 30. Nc3 Qc6 31. Nd5
Rb7 32. e4 c3) 30. Qd2 Qb3 31. Qd6 ({The most stubborn was} 31. Nc5 Qc3 32.
Qxc3 Bxc3 33. Rd3 Bg7 34. Nd7 {, though after} Ree8 35. Nb6 Rad8 36. Nd5 f5 $19
{White cannot avoid an exchange of rooks.}) 31... Rc8 32. Nf2 Rec7 {All
Black's forces are mobilized, so the game ends soon.} 33. Bd2 Bf8 34. Qd4 Bxa3
35. Kg2 Bb2 {A disappointing start for GM Wesley So.} 0-1